| 000 | 00964nam a2200217Ia 4500 | ||
|---|---|---|---|
| 001 | 15829 | ||
| 003 | GE_BSU | ||
| 008 | 181216s||||||||xx |||||||||||||| ||und|| | ||
| 040 | _cGE_BSU | ||
| 080 | _a821.353.1-11 | ||
| 100 | _aციციშვილი, ნოდარ | ||
| 245 | _aშვიდი მთიები. ბარამ-გური | ||
| 245 | _cკ. კეკელიძის რედ., გამოკვლევით და ლექსიკონით | ||
| 260 | _aტფილისი | ||
| 260 | _bქართული წიგნი | ||
| 260 | _c1930 | ||
| 300 | _a275გვ.26სმ | ||
| 300 | _eდანართი: ლექსიკონი (227-246 გვ.); ვარიანტები (246-273 გვ.); პოემის საკუთარ სახელთა საძიებელი (273-275გვ.) | ||
| 653 | _aშვიდი მთიები. ბარამ-გური | ||
| 942 | _cBK | ||
| 999 |
_c48926 _d48926 |
||